00000000nam##2200000za#4500
0019.578622
003CaOODSP
00520210624190156
007cr |||||||||||
008150406|1998||||xxc|||||o    f|0| 0 eng|d
040 |aCaOODSP|beng
043 |an-cn---
0861 |aFs70-2/1998-10E-PDF
1101 |aCanada. |bDepartment of Fisheries and Oceans.
24510|aProceedings of the Transboundary Resources Assessment Committee : |h[electronic resource]|b20-24 April 1998, Algonquin Hotel, St. Andrew's, New Brunswick, Canada / |cR.N. O'Boyle, Chairman.
260 |aDartmouth - Nova Scotia : |bFisheries and Oceans Canada |cJune 1998.
300 |a50p.|btables
4901 |aCanadian Stock Assessment proceedings series|v98/10
546 |a(Texte en anglais, résumé en les deux langues officiels)
590 |a14-10-Supp|b2014-05-08
830#0|aCanadian Stock Assessment proceedings series ;|v98/10|w(CaOODSP)9.507739
85640|ahttp://publications.gc.ca|qPDF|s173 KB|uhttps://publications.gc.ca/collections/collection_2014/mpo-dfo/Fs70-2-1998-10-eng.pdf|y98/10